Datum a čas kvízu

32 Celkem bodů Celkový počet nahraných bodů na tomto kvízu bez doplňovacích otázek.
7. Pořadí na kvízu Konečné umístění týmu na tomto kvízu.

Zaznamenané odpovědi

# Otázka Odpověď Body Výsledky
1. Dnešní finále otevřeme otázkou... 1C 2A 3D 4B 0
2. V roce 2008 obdržela trojice v... z medúzy 0
3. Velkou filmovou událostí uplyn... James Cameron 1
4. Nejen jako reakce na pandemii... Dramox 1
5. První desetiletí tohoto stolet... D 1
6. Do hodně zemí potřebujeme pas.... 5 let 1
7. Na spoustu dovolených se v dne... Flight Level 0
8. Pokud máte rádi pěší turistiku... Hudy 1
9. Nádherné historické centrum př... v Kolumbii 1
10. Nemusíme se nutně vydávat do J... Pančavský vodopád, Polsko 1